000 00734 a2200181 4500
003 Nust
005 20221214122120.0
040 _cNust
082 _a301,DEU
100 _aMorton Deutsch
_9104815
245 _aTheories in Social Psychology /
_bPsychology
_cMorton Deutsch
260 _aNew York
_bBasic Book
_c1965
300 _ax,244 p;
505 _aThe Role of Theory in Social Psychology (Page-1), The Approach of Gestalt Psychology (Page-14), Field Theory in Social Psychology (page-37), The Reinforcement Theorists (Page-77), Psychoanalytic Theory (Page-126), Role Theory (Page-173), Trends in Social Psychology (Page-212).
600 _aMorton Deutsch
_9104815
650 _aSocial Psychology
942 _2ddc
_cBK
_k301,DEU
999 _c184065
_d184065